Flagi państw Afrykańskich - nagła śmierć - Statystyki

Ogólne statystyki
  • Ten quiz został rozwiązany 226 razy
  • Średni wynik to 31 z 54
Answers on the Grid
Answers color-coded by a green-red scale on the quiz's grid according to % correct below.
 
Statystyki odpowiedzi
Odpowiedź % Poprawnych
Nigeria
72%
Seszele
68%
Kenia
68%
Gwinea Bissau
67%
Maroko
67%
Tunezja
67%
Mozambik
66%
Uganda
66%
Republika
Południowej
Afryki
65%
Republika
Środkowoafrykańska
64%
Kamerun
64%
Angola
63%
Tanzania
62%
Zimbabwe
62%
Etiopia
62%
Ghana
62%
Eswatini
62%
Kongo
61%
Madagaskar
61%
Senegal
61%
Demokratyczna
Republika
Konga
61%
Mali
59%
Algieria
59%
Zambia
58%
Gabon
58%
Egipt
58%
Gwinea
57%
Namibia
56%
Burundi
56%
Togo
56%
Burkina Faso
56%
Malawi
55%
Liberia
54%
Benin
54%
Mauritius
54%
Niger
54%
Lesotho
53%
Gambia
53%
Rwanda
53%
Somalia
52%
Sierra Leone
52%
Czad
52%
Mauretania
52%
Komory
52%
Sudan Południowy
51%
Erytrea
50%
Gwinea
Równikowa
50%
Botswana
50%
Wybrzeże Kości
Słoniowej
49%
Republika Zielonego
Przylądka
49%
Wyspy Świętego
Tomasza i Książęca
48%
Dżibuti
47%
Libia
41%
Sudan
37%
Nie znaleziono quizów pasujących do podanych kryteriów
Rozkład punktacji
Procent ludzi z każdym wynikiem
Percentyl według liczby udzielonych odpowiedzi
Twoja historia wyników
Nie rozwiązałeś tego quizu